Continent urinary diversion / (Record no. 4744)
[ view plain ]
| 000 -LEADER | |
|---|---|
| fixed length control field | 01303nam a2200325 a 4500 |
| 001 - CONTROL NUMBER | |
| control field | 010761779 |
| 003 - CONTROL NUMBER IDENTIFIER | |
| control field | ALUPE UNIVERSITY |
| 005 - DATE AND TIME OF LATEST TRANSACTION | |
| control field | 20220328100351.0 |
| 008 - FIXED-LENGTH DATA ELEMENTS--GENERAL INFORMATION | |
| fixed length control field | 930427s1992 stka b 101 0 eng d |
| 010 ## - LIBRARY OF CONGRESS CONTROL NUMBER | |
| LC control number | LC 92-49838 |
| 020 ## - INTERNATIONAL STANDARD BOOK NUMBER | |
| International Standard Book Number | 044304645X |
| 035 ## - SYSTEM CONTROL NUMBER | |
| System control number | CURL 980092049838(Lc ) from rmc232 |
| 040 ## - CATALOGING SOURCE | |
| Transcribing agency | ALUPE UNIVERSITY |
| 050 #0 - LIBRARY OF CONGRESS CALL NUMBER | |
| Classification number | RD578 |
| Item number | .C66 1992 |
| 060 #0 - NATIONAL LIBRARY OF MEDICINE CALL NUMBER | |
| Classification number | WJ 168 C762 |
| 092 ## - LOCALLY ASSIGNED DEWEY CALL NUMBER (OCLC) | |
| Classification number | D0500858177 |
| 245 00 - TITLE STATEMENT | |
| Title | Continent urinary diversion / |
| Statement of responsibility, etc. | edited by R. Hohenfellner, R. Wammack |
| 260 ## - PUBLICATION, DISTRIBUTION, ETC. | |
| Place of publication, distribution, etc. | Edinburgh : |
| Name of publisher, distributor, etc. | Churchill Livingstone, |
| Date of publication, distribution, etc. | c1992. |
| 300 ## - PHYSICAL DESCRIPTION | |
| Extent | xii, 326 p. : |
| Other physical details | ill. ; |
| Dimensions | 25 cm. |
| 500 ## - GENERAL NOTE | |
| General note | "Part of the continuing SIU series summarizing the presentations made at the round-table conference ... during the 22nd Meeting of the Société Internationale d'Urologie in Seville, Spain." - Pref. |
| 504 ## - BIBLIOGRAPHY, ETC. NOTE | |
| Bibliography, etc. note | Includes bibliographies and index |
| 650 #0 - SUBJECT ADDED ENTRY--TOPICAL TERM | |
| Topical term or geographic name entry element | Urinary diversion |
| General subdivision | Complications |
| -- | Congresses |
| 650 #0 - SUBJECT ADDED ENTRY--TOPICAL TERM | |
| Topical term or geographic name entry element | Urinary diversion |
| General subdivision | Congresses |
| 700 1# - ADDED ENTRY--PERSONAL NAME | |
| Personal name | Hohenfellner, Rudolf. |
| 700 1# - ADDED ENTRY--PERSONAL NAME | |
| Personal name | Wammack, R. |
| Fuller form of name | (Robert) |
| 710 2# - ADDED ENTRY--CORPORATE NAME | |
| Corporate name or jurisdiction name as entry element | International Society of Urology. |
| Subordinate unit | Congress |
| Number of part/section/meeting | (22nd : |
| Date of meeting or treaty signing | 1991 : |
| Location of meeting | Seville, Spain) |
| 830 #0 - SERIES ADDED ENTRY--UNIFORM TITLE | |
| Uniform title | Société internationale d'urologie reports ; |
| Volume/sequential designation | 2. |
| 942 ## - ADDED ENTRY ELEMENTS (KOHA) | |
| Source of classification or shelving scheme | |
| Koha item type | Book |
| Suppress in OPAC | CM |
| Withdrawn status | Lost status | Source of classification or shelving scheme | Damaged status | Not for loan | Permanent Location | Current Location | Shelving location | Date acquired | Source of acquisition | Total Checkouts | Full call number | Barcode | Date last seen | Price effective from | Koha item type | Public note |
|---|---|---|---|---|---|---|---|---|---|---|---|---|---|---|---|---|
| AU LIBRARY | AU LIBRARY | Open Shelf | 28.03.2022 | DONATION FROM MOI UNIVERSITY | RD578 .C66 1992 | 28007144 | 28.03.2022 | 28.03.2022 | Book | CM |